000 00369nam a2200145Ia 4500
008 090124s9999 xx 000 0 und d
082 _b134828
245 _a अवस्वप्न
250 _a1
260 _bठकार संजीव
_c2007
300 _a176
630 _a अवस्वप्न
730 _a अवस्वप्न
942 _cBOOK
999 _c194180
_d194180